[Event "Gallego-ch U18"]
[Site "Viveiro"]
[Date "2017.02.28"]
[Round "7"]
[White "Represa Perez, Mireya"]
[Black "Cervigni Sebastian, Alejandro"]
[Result "1-0"]
[WhiteElo "2108"]
[BlackElo "1758"]
[PlyCount "57"]
[EventDate "2017.02.25"]
[EventType "swiss"]
[EventRounds "8"]
[EventCountry "ESP"]
[SourceTitle "EXT 2024"]
[Source "ChessBase"]
[SourceDate "2023.10.10"]
[SourceVersion "1"]
[SourceVersionDate "2023.10.10"]
[SourceQuality "1"]

1. e4 e6 2. d4 d5 3. Nc3 Nf6 4. e5 Nfd7 5. Nf3 c5 6. dxc5 Nc6 7. Bf4 Nxc5 8. Bd3 Be7 9. Qe2 a6 10. h4 b5 11. g3 Bb7 12. 0-0 Qb6 13. Nb1 Rd8 14. Nbd2 Nb4 15. Bg5 Bxg5 16. Nxg5 Nbxd3 17. cxd3 d4 18. b4 Qc6 19. f3 Na4 20. Nde4 Nc3 21. Nxc3 Qxc3 22. Rac1 Qxb4 23. Nxf7 Kxf7 24. Rc7+ Kf8 25. Rxb7 Ke8 26. Rc1 Qf8 27. Qe4 Qf5 28. Qc6+ Kf8 29. Qc7 1-0

[Event "Gallego-ch U18"]
[Site "Viveiro"]
[Date "2017.02.25"]
[Round "2"]
[White "Cervigni Sebastian, Alejandro"]
[Black "Suarez Rozas, David"]
[Result "1-0"]
[WhiteElo "1758"]
[BlackElo "1411"]
[PlyCount "28"]
[EventDate "2017.02.25"]
[EventType "swiss"]
[EventRounds "8"]
[EventCountry "ESP"]
[SourceTitle "EXT 2024"]
[Source "ChessBase"]
[SourceDate "2023.10.10"]
[SourceVersion "1"]
[SourceVersionDate "2023.10.10"]
[SourceQuality "1"]

1. e4 e6 2. d4 d5 3. e5 c5 4. dxc5 Bxc5 5. Nf3 Qb6 6. Qd2 Ne7 7. Bd3 Nbc6 8. c3 d4 9. 0-0 Nd5 10. c4 Nde7 11. Qe2 0-0 12. Bxh7+ Kh8 13. Ng5 g6 14. Qf3 Nxe5 1-0

[Event "Gallego-ch U18"]
[Site "Viveiro"]
[Date "2016.02.09"]
[Round "7"]
[White "Cervigni Sebastian, Alejandro"]
[Black "Gonzalez Lopez, Manuel"]
[Result "0-1"]
[WhiteElo "1655"]
[BlackElo "1737"]
[PlyCount "58"]
[EventDate "2016.02.06"]
[EventType "swiss"]
[EventRounds "8"]
[EventCountry "ESP"]
[SourceTitle "EXT 2024"]
[Source "ChessBase"]
[SourceDate "2023.10.10"]
[SourceVersion "1"]
[SourceVersionDate "2023.10.10"]
[SourceQuality "1"]

1. e4 e6 2. d4 d5 3. e5 c5 4. dxc5 Nc6 5. Nf3 Bxc5 6. Bd3 f6 7. Qe2 fxe5 8. Nxe5 Nxe5 9. Qxe5 Nf6 10. Bb5+ Kf7 11. 0-0 Rf8 12. Nc3 Kg8 13. Qe2 Qd6 14. Na4 Bb4 15. a3 Ba5 16. Be3 Bc7 17. g3 b6 18. Bd2 a5 19. Rad1 e5 20. c4 d4 21. c5 bxc5 22. Qc4+ Be6 23. Qxc5 Ne4 24. Qc6 Bd5 25. Qc2 Nxd2 26. Rxd2 Bf3 27. Bd3 Qh6 28. h4 Rac8 29. Qc4+ Kh8 0-1

[Event "Gallego-ch U18"]
[Site "Viveiro"]
[Date "2016.02.06"]
[Round "1"]
[White "Cervigni Sebastian, Alejandro"]
[Black "Picos Maiztegui, Miguel"]
[Result "1/2-1/2"]
[WhiteElo "1655"]
[BlackElo "2142"]
[PlyCount "165"]
[EventDate "2016.02.06"]
[EventType "swiss"]
[EventRounds "8"]
[EventCountry "ESP"]
[SourceTitle "EXT 2024"]
[Source "ChessBase"]
[SourceDate "2023.10.10"]
[SourceVersion "1"]
[SourceVersionDate "2023.10.10"]
[SourceQuality "1"]

1. e4 c5 2. b3 d5 3. exd5 Qxd5 4. Nc3 Qd6 5. Nf3 Nf6 6. Bb5+ Nc6 7. Qe2 g6 8. Bb2 Bf5 9. 0-0 Bg7 10. Bxc6+ Qxc6 11. Ne5 Qb6 12. Na4 Qc7 13. Qb5+ Nd7 14. Nxd7 Bxd7 15. Qe2 Bxb2 16. Nxb2 Bc6 17. Rad1 0-0-0 18. Nd3 b6 19. Ne5 Bd5 20. a4 f6 21. Nc4 h5 22. Rfe1 e5 23. Ne3 Bb7 24. c3 Qc6 25. b4 Kb8 26. bxc5 Qxc5 27. Ra1 Rh7 28. a5 bxa5 29. Reb1 Qd6 30. Rb2 Ka8 31. Rxa5 Qd3 32. Qxd3 Rxd3 33. Rba2 Bc8 34. Rd5 Rxd5 35. Nxd5 Be6 36. Ra5 Rf7 37. Ne3 Kb7 38. d4 exd4 39. cxd4 Rc7 40. h3 Kb6 41. Ra1 Rd7 42. Rd1 Bd5 43. Re1 Kb5 44. Rb1+ Kc6 45. Rc1+ Kd6 46. Ra1 Ke7 47. Nxd5+ Rxd5 48. Rxa7+ Ke6 49. Ra6+ Kf5 50. g4+ hxg4 51. hxg4+ Kg5 52. f4+ Kxf4 53. Rxf6+ Kg5 54. Re6 Rxd4 55. Kg2 Rxg4+ 56. Kf3 Ra4 57. Kg3 Ra3+ 58. Kg2 Kf5 59. Rb6 g5 60. Rb4 Kg6 61. Rc4 Kh5 62. Rc2 Kh4 63. Rd2 Rg3+ 64. Kh2 Ra3 65. Rc2 Ra4 66. Rb2 Kg4 67. Kg2 Kf4 68. Rc2 g4 69. Rb2 Re4 70. Ra2 Rd4 71. Rb2 Rd3 72. Rb4+ Kg5 73. Rb2 Kh4 74. Ra2 Rg3+ 75. Kh2 Rb3 76. Rc2 g3+ 77. Kg2 Rb4 78. Ra2 Kg4 79. Rc2 Re4 80. Ra2 Kf4 81. Rb2 Re3 82. Rb4+ Kf5 83. Ra4 1/2-1/2

[Event "Gallego-ch U18"]
[Site "Viveiro"]
[Date "2016.02.06"]
[Round "2"]
[White "Rebollo Montes, Bernardo"]
[Black "Cervigni Sebastian, Alejandro"]
[Result "1-0"]
[WhiteElo "1817"]
[BlackElo "1655"]
[PlyCount "53"]
[EventDate "2016.02.06"]
[EventType "swiss"]
[EventRounds "8"]
[EventCountry "ESP"]
[SourceTitle "EXT 2024"]
[Source "ChessBase"]
[SourceDate "2023.10.10"]
[SourceVersion "1"]
[SourceVersionDate "2023.10.10"]
[SourceQuality "1"]

1. d4 d5 2. c4 e6 3. Nc3 c6 4. Nf3 f5 5. Bf4 Nf6 6. e3 Be7 7. Qc2 0-0 8. Bd3 Ne4 9. g4 Nxc3 10. bxc3 g6 11. gxf5 exf5 12. Rg1 Kh8 13. Bh6 Rg8 14. Ng5 Qe8 15. cxd5 cxd5 16. Qb3 Bxg5 17. Bxg5 Qf7 18. Rc1 Re8 19. Kd2 Nc6 20. Qa3 Be6 21. Rb1 Rec8 22. h4 Kg8 23. h5 a6 24. Rg2 b5 25. Rbg1 Ra7 26. hxg6 hxg6 27. Bf6 1-0

[Event "Mondariz Marcote Memorial"]
[Site "Mondariz"]
[Date "2014.08.17"]
[Round "2"]
[White "Ruiz Ledo, Antonio"]
[Black "Cervigni Sebastian, Alejandro"]
[Result "1-0"]
[WhiteElo "2065"]
[BlackElo "1454"]
[PlyCount "75"]
[EventDate "2014.08.16"]
[EventType "swiss"]
[EventRounds "9"]
[EventCountry "ESP"]
[SourceTitle "EXT 2015"]
[Source "ChessBase"]
[SourceDate "2014.11.20"]
[SourceVersion "1"]
[SourceVersionDate "2014.11.20"]
[SourceQuality "1"]

1. e4 d5 2. e5 Bf5 3. d4 e6 4. h4 h5 5. Be2 Bg6 6. c3 Be7 7. g3 c5 8. a3 Qb6 9. b4 cxd4 10. cxd4 Nc6 11. Be3 a6 12. Nf3 Nh6 13. Bxh6 Rxh6 14. 0-0 Bxb1 15. Rxb1 g6 16. b5 axb5 17. Rxb5 Qc7 18. a4 Rh8 19. Qb1 Ra7 20. Rc1 Kd7 21. Bd1 Rb8 22. Ne1 Qd8 23. Qd3 Rc8 24. Rcb1 Rb8 25. Ng2 Qc7 26. f4 Rh8 27. Ne3 Rg8 28. Kg2 Rh8 29. Kh3 Na5 30. Bf3 Nc6 31. Bxd5 exd5 32. Nxd5 Qb8 33. Nb6+ Ke8 34. d5 Nd8 35. d6 Bf8 36. d7+ Ke7 37. Nc8+ Ke6 38. Rb6+ 1-0